| 000 | 00438nam a22001457a 4500 | ||
|---|---|---|---|
| 003 | 0 | ||
| 005 | 20230624100828.0 | ||
| 008 | 230624b xxu||||| |||| 00| 0 eng d | ||
| 050 |
_aNK 1520 _b.L38 2022 |
||
| 245 |
_aSYMBOLO: elements and principles _cLaurel, Jeriah Renee |
||
| 260 |
_aLas PiƱas City _bSouthville International School and Colleges _cc2022 |
||
| 300 |
_a128pp. _c28cm. |
||
| 500 | _aBrand logo designs. | ||
| 942 |
_2lcc _cTH |
||
| 999 |
_c365085 _d365085 |
||